000 00594nam a2200229Ia 4500
003 OSt
005 20221007062323.0
006 a|||||r|||| 00| 0
007 ta
008 221006b |||||||| |||| 00| 0 eng d
024 _a10,414
037 _cTextual
040 _aFLL
_cFLL
_beng
041 _2eng
_aeng
082 _aJA:Z2qN6, L0
100 _aBeotra B.R. Au.
_9682592
245 0 _aIndian forest act
260 _aAllahabad
_bLaw book co. India
_c1970
300 _a453p
_ccm.
942 _hJA:Z2qN6, L0
_cTEXL
_2CC
999 _c1128296
_d1128296